Star Wars Actors by Picture! - Statistics

General Stats
  • This quiz has been taken 127 times
    80 since last reset
  • The average score is 9 of 14
Answer Stats
Picture Answer % Correct
Samuel L. Jackson
96%
Harrison Ford
92%
Mark Hamill
92%
George Lucas
90%
Natalie Portman
89%
Ewan McGregor
86%
Jack Black
81%
Pedro Pascal
71%
Lizzo
62%
Oscar Isaac
42%
Jude Law
40%
Rosario Dawson
29%
Carl Weathers
27%
Jimmy Smits
19%
No matching quizzes found
Score Distribution
Percent of People with Each Score
Percentile by Number Answered
Your Score History
You have not taken this quiz since the last reset